Коммерческая деятельность: учебник для бакалавров
| Ente Autore: | |
|---|---|
| Altri autori: | , , , |
| Riassunto: | Электронная копия печатного издания. Посвящается 95-летию Финансового университета. Режим доступа: из корпоративной сети ТПУ |
| Lingua: | russo |
| Pubblicazione: |
Москва, Юрайт, 2014
|
| Serie: | Электронные учебники издательства "Юрайт" Бакалавр. Базовый курс |
| Soggetti: | |
| Accesso online: | http://www.lib.tpu.ru/fulltext2/m/2014/FN/fn-71.pdf |
| Natura: | MixedMaterials Elettronico Libro |
| KOHA link: | https://koha.lib.tpu.ru/cgi-bin/koha/opac-detail.pl?biblionumber=262259 |
MARC
| LEADER | 00000nlm0a2200000 4500 | ||
|---|---|---|---|
| 001 | 262259 | ||
| 005 | 20231101233633.0 | ||
| 010 | |a 9785991630382 | ||
| 035 | |a (RuTPU)RU\TPU\book\285241 | ||
| 090 | |a 262259 | ||
| 100 | |a 20140530d2014 m y0rusy50 ca | ||
| 101 | 0 | |a rus | |
| 102 | |a RU | ||
| 105 | |a y j 000zy | ||
| 135 | |a vocna---uucaa | ||
| 181 | 0 | |a i | |
| 182 | 0 | |a b | |
| 200 | 1 | |a Коммерческая деятельность |b Электронный ресурс |e учебник для бакалавров |f И. М. Синяева [и др.] |g Финансовый университет при Правительстве Российской Федерации | |
| 203 | |a Текст |c электронный | ||
| 210 | |a Москва |c Юрайт |d 2014 | ||
| 215 | |a 1 Мультимедиа CD-ROM | ||
| 225 | 1 | |a Электронные учебники издательства "Юрайт" | |
| 225 | 1 | |a Бакалавр. Базовый курс | |
| 230 | |a Мультимедиа ресурсы (10 директорий; 100 файлов; 740MB) | ||
| 300 | |a Электронная копия печатного издания. | ||
| 300 | |a Посвящается 95-летию Финансового университета. | ||
| 333 | |a Режим доступа: из корпоративной сети ТПУ | ||
| 337 | |a Pentium 100 MHz, 16 Mb RAM, Windows 95/98/NT/2000, CDROM, SVGA, звуковая карта, Internet Explorer 5.0 и выше | ||
| 452 | 1 | |0 (RuTPU)RU\TPU\book\263524 |y 978-5-9916-3038-2 |t Коммерческая деятельность |o учебник для бакалавров |f И. М. Синяева [и др.] |g Финансовый университет при Правительстве Российской Федерации |c Москва |n Юрайт |d 2014 |p 506 с. |s Бакалавр. Базовый курс | |
| 606 | 1 | |a Коммерческая деятельность |2 stltpush |3 (RuTPU)RU\TPU\subj\27888 |9 51559 | |
| 610 | 1 | |a коммерция | |
| 610 | 1 | |a торговля | |
| 610 | 1 | |a концепция | |
| 610 | 1 | |a сфера услуг | |
| 610 | 1 | |a материально-техническое снабжение | |
| 610 | 1 | |a ассортиментная политика | |
| 610 | 1 | |a сбыт | |
| 610 | 1 | |a оптовая торговля | |
| 610 | 1 | |a учебники | |
| 610 | 1 | |a CD-ROM | |
| 610 | 1 | |a внутрифирменное планирование | |
| 686 | |a У9(2)42я73 |v LBC/SL-A |2 rubbk | ||
| 701 | 1 | |a Синяева |b И. М. |g Инга Михайловна | |
| 701 | 1 | |a Романенкова |b О. Н. |g Ольга Николаевна | |
| 701 | 1 | |a Земляк |b С. В. |g Светлана Васильевна | |
| 701 | 1 | |a Синяев |b В. В. |g Василий Васильевич | |
| 712 | 0 | 2 | |a Финансовый университет при Правительстве Российской Федерации |c (Москва) |c (2010- ) |2 stltpush |3 (RuTPU)RU\TPU\col\17114 |9 26530 |
| 801 | 1 | |a RU |b 63413507 |c 20140530 | |
| 801 | 2 | |a RU |b 63413507 |c 20140806 |g RCR | |
| 856 | 4 | |u http://www.lib.tpu.ru/fulltext2/m/2014/FN/fn-71.pdf | |
| 942 | |c CF | ||